000 00754cab a2200229 4500
001 WB2904-09
008 090401t1993 xxu||||| |||| 00| 0 eng d
035 _a(Sirsi) u38258
041 _aeng
245 _aSubsidence database
260 _c1993
350 _a0
490 _aBRE News Release
_v12 January 1993 (1)
520 _aThe ensure that technical information on future subsidence events does not go unrecorded and to gather as much information as possible from past events the Building Research Establishment is launching a national subsidence database.
650 _aBRE
650 _aDATABASES
650 _aDROUGHT
650 _aSUBSIDENCE
690 _aBUILT ENVIRONMENT-BUILDING PATHOLOGY
942 _n0
948 _c04/03/1997
999 _c24584
_d24584